00821nam a2200229Ia 4500003000900000008004100009020001800050040001600068080002300084245008800107260003700195300001400232490005100246650001400297650002900311650002200340700003200362700003200394942000700426999001700433952014100450IN-BaIIA211028s9999 xx 000 0 eng d a0-7923-6210-1 cIIA Library a52(082.1)bASS-244 4aThe Universebvisions and perspectivescedited by Naresh Dadhich and Ajit Kembhavi aDordrechtbKluwer Academicc2000 axi, 343p. aAstrophysics and space science library; v. 244 aCosmology aInfrared galaxies926043 aQuantum mechanics aDadhich, Naresh, ed.926044 aKembhavi, Ajit., ed.926045 cBK c14622d14622 00104070aBANbBANcGENd2002-05-07eGANESHg5930.65l0o52(082.1)/ ASS-244p15544r2021-11-05v5930.65w2002-05-07yBKGRs. 5930.65